000 00236nam a22001097a 4500
003 OSt
008 250106b |||||||| |||| 00| 0 eng d
041 _aeng
245 _aList of Text Books
260 _bUniversity of Calicut
942 _cBK
999 _c18949
_d18949